Statistical yearbook

Gespeichert in:
Bibliographische Detailangaben
Format: Buch
Sprache:Englisch
Veröffentlicht: New York Statistical Office of the UN 1950
Tags: Tag hinzufügen
Keine Tags, Fügen Sie das erste Tag hinzu!

MARC

LEADER 00000nam a2200000 4500
001 c111513
005 20251104110632.1
041 0 |a eng 
044 |a US 
245 1 0 |a Statistical yearbook 
264 1 |a New York  |b Statistical Office of the UN  |c 1950 
300 |a 555 s.